Draft environmental impact statement on the Rockies Express East Project.

Bibliographic Details
Corporate Author: United States. Federal Energy Regulatory Commission
Format: Government Document Book
Language:English
Published: [Washington, D.C.] : Federal Energy Regulatory Commission, [2007]
Subjects:
Online Access:https://purl.fdlp.gov/GPO/LPS102200

MARC

Tag First Indicator Second Indicator Subfields
LEADER 00000cam a2200000Ka 4500
001 in00002431721
005 20211202185654.0
006 m d f
008 080915s2007 dcu s f000 0 eng d
035 |a (OCoLC)ocn250694284 
040 |a GPO  |c GPO  |d MvI  |d UtOrBLW 
049 |a WWW 
074 |a 0429-V-03 (online) 
086 0 |a E 2.11:0217 D 
110 1 |a United States.  |b Federal Energy Regulatory Commission. 
245 1 0 |a Draft environmental impact statement on the Rockies Express East Project. 
246 3 |a REX East Project Draft environmental impact statement 
264 1 |a [Washington, D.C.] :  |b Federal Energy Regulatory Commission,  |c [2007] 
300 |a 1 volume (various pagings) :  |b digital, PDF files. 
336 |a text  |b txt  |2 rdacontent 
337 |a computer  |b c  |2 rdamedia 
338 |a unspecified  |b zu  |2 rdacarrier 
538 |a Mode of access: Internet from the FERC web site. Address as of 9/15/08: http://www.ferc.gov/industries/gas/enviro/eis/2007/11-23-07.asp ; current access is available via PURL. 
500 |a Title from title screen (viewed on Sept. 15, 2008). 
500 |a Nine PDF files. 
500 |a "FERC/EIS-0217D". 
500 |a "Docket number CP07-208-000." 
500 |a "November 2007." 
500 |a Electronic resource. 
650 0 |a Natural gas pipelines  |x Environmental aspects  |z Middle West. 
650 0 |a Environmental impact statements  |z Middle West. 
776 0 |a United States. Federal Energy Regulatory Commission. Office of Energy Projects.  |t REX east project : Rockies Express Pipeline LLC : draft environmental impact statement  |h 1 v.  |w (OCoLC)213465776 
856 4 0 |u https://purl.fdlp.gov/GPO/LPS102200  |t 0 
999 |a MARS 
999 f f |s 62578578-133a-3fcb-bdcf-dfeb568f509d  |i 4de26bd2-8b2a-38b7-8d8a-b28747959e13  |t 0 
952 f f |a Texas A&M University  |b College Station  |c Electronic Resources  |d Available Online  |t 0  |e E 2.11:0217 D  |h Superintendent of Documents classification 
998 f f |a E 2.11:0217 D  |t 0  |l Available Online